000 00424nam a2200181Ia 4500
005 20250423101234.0
008 250422s9999 xx 000 0 und d
020 _a0- 02- 418220- 6
050 _aPE1408.S772
100 _aE.B. White
245 4 _aThe element of style
250 _a3rd ed.
260 _bCollier Macmillan
260 _c1979
300 _a85 p
650 _aEnglish language- rhetoric
942 _cBK
999 _c35710
_d35710